书目信息 |
| 题名: |
纳米碳酸钙关键技术
|
|
| 作者: | 颜鑫 , 王佩良 , 舒均杰 编著 | |
| 分册: | ||
| 出版信息: | 北京 化学工业出版社 2007 |
|
| 页数: | 331页 | |
| 开本: | 21cm | |
| 丛书名: | ||
| 单 册: | ||
| 中图分类: | TQ132.3 | |
| 科图分类: | ||
| 主题词: | 纳米技术--应用--碳酸钙--生产工艺 , 纳米技术 , 碳酸钙 | |
| 电子资源: | ||
| ISBN: | 978-7-122-00697-4 | |
| 000 | 00903nam0 2200289 450 | |
| 001 | 003560177 | |
| 005 | 20080303094714.73 | |
| 010 | @a978-7-122-00697-4@dCNY28.00 | |
| 035 | @a003560177 | |
| 100 | @a20070327d2007 em y0chiy0110 ea | |
| 101 | 0 | @achi |
| 102 | @aCN@b110000 | |
| 105 | @ay z 000yy | |
| 106 | @ar | |
| 200 | 1 | @a纳米碳酸钙关键技术@Ana mi tan suan gai guan jian ji shu@f颜鑫,王佩良,舒均杰编著 |
| 210 | @a北京@c化学工业出版社@d2007 | |
| 215 | @a331页@d21cm | |
| 330 | @a本书全面、系统地阐述了纳米级超细活性碳酸钙生产、应用、分析检验、安全生产、环境保护等过程的关键技术。 | |
| 606 | 0 | @a纳米技术@x应用@x碳酸钙@x生产工艺 |
| 606 | 0 | @a纳米技术 |
| 606 | 0 | @a碳酸钙 |
| 690 | @aTQ132.3@v4 | |
| 701 | 0 | @a颜鑫@Ayan xin@4编著 |
| 701 | 0 | @a王佩良@Awang pei liang@c(碳酸钙)@4编著 |
| 701 | 0 | @a舒均杰@Ashu jun jie@4编著 |
| 801 | 0 | @aCN@bNLC@c20080303 |
| 905 | @dTQ132.3@e4@f4 | |
| 纳米碳酸钙关键技术/颜鑫,王佩良,舒均杰编著.-北京:化学工业出版社,2007 |
| 331页;21cm |
| ISBN 978-7-122-00697-4:CNY28.00 |
| 本书全面、系统地阐述了纳米级超细活性碳酸钙生产、应用、分析检验、安全生产、环境保护等过程的关键技术。 |
| ● |
| 相关链接 |
|
|
|
|
正题名:纳米碳酸钙关键技术
索取号:TQ132.3/4
 
预约/预借
| 序号 | 登录号 | 条形码 | 馆藏地/架位号 | 状态 | 备注 |
| 1 | 0614531 | 206145312 | 第二样本阅览室/ [索取号:TQ132.3/4] | 在馆 | |
| 2 | 0614532 | 206145321 | 第三借阅区/ [索取号:TQ132.3/4] | 在馆 | |
| 3 | 0614533 | 206145330 | 第三借阅区/ [索取号:TQ132.3/4] | 在馆 | |
| 4 | 0614534 | 206145349 | 第三借阅区/ [索取号:TQ132.3/4] | 在馆 |